Cloud codes - Statistics

General Stats
  • This quiz has been taken 8 times
  • The average score is 35 of 45
Answer Stats
Question Tile Select % Correct
NSC 1 - 2 oktas No
100%
NSC 3 - 4 oktas No
100%
NSC 8 oktas No
100%
NSC Broken No
100%
NSC Few No
100%
NSC Nil significant cloud Yes
100%
NSC scattered No
100%
OVC 1 - 2 oktas No
83%
BKN 1 - 2 oktas No
83%
BKN 3 - 4 oktas No
83%
SCT 5 - 7 oktas No
83%
OVC 5 - 7 oktas No
83%
FEW 5 - 7 oktas No
83%
SCT 8 oktas No
83%
BKN 8 oktas No
83%
SCT Broken No
83%
OVC Broken No
83%
FEW Broken No
83%
OVC Ceiling and visibility ok No
83%
SCT Few No
83%
OVC Few No
83%
BKN Few No
83%
SCT Nil significant cloud No
83%
BKN Nil significant cloud No
83%
FEW Nil significant cloud No
83%
OVC no cloud below 5,000ft No
83%
FEW No cloud below 5,000ft No
83%
SCT Overcast No
83%
BKN Overcast No
83%
FEW Overcast No
83%
OVC Scattered No
83%
BKN Scattered No
83%
FEW Scattered No
83%
SCT 1 - 2 oktas No
67%
FEW 1 - 2 oktas Yes
67%
FEW 3 - 4 oktas No
67%
BKN 5 - 7 oktas Yes
67%
OVC 8 oktas Yes
67%
NSC Ceiling and visibility ok No
67%
SCT 3 - 4 oktas Yes
50%
BKN Broken Yes
50%
OVC Overcast Yes
50%
SCT Scattered Yes
50%
FEW FEW Yes
33%
NSC No cloud below 5,000ft Yes
33%
No matching quizzes found
Score Distribution
Percent of People with Each Score
Percentile by Number Answered
Your Score History
You have not taken this quiz